000 00540nam a2200181Ia 4500
005 20250508151704.0
008 008 250505s9999 xx 000 0 eng d
037 _aTextual
040 _aFEDL
_beng
_cFEDL
041 _aeng
_2eng
084 _a509, SAR
_qFEDL
100 _aSarton George
_9324849
245 0 _aHistory of science: Ancient science through the golden age of Greece
260 _aCambridge
_bHarvard University Press
_c1952
300 _axxvi,646p.
942 _cTEXL
_h509, SAR
999 _c1331450
_d1331450